Culture Générale - Série 2697 - Statistiques

Statistiques générales
  • Ce quiz a été pris 79 fois
  • Le résultat moyen est 5 sur 10
Statistiques - réponses
Question Réponse % Correct
Quelle est la ville de "Roméo et Juliette" deShakespeare ? Vérone
85%
Grand papillon et mois de l'année mars
78%
Quel lac de Russie est reconnu comme étant le lac le plus profond du monde ? Baïkal
69%
Relatif à ce qui est sans vigueur, sans énergie, sans force, qui n'est pas en forme, qui ne se trouve pas très bien, fatigué, à plat - 7 lettres commençant par "f" avec 3 "a" flagada
58%
Etendoir à linge - pont suspendu au-dessus de la Seine tancarville
53%
Quel animal est appelé "calao" ? oiseau
50%
Qui a écrit "La dame aux camélias" en 1848 ? prénom et nom Alexandre Dumas
46%
Quel type d'animal est l'impala ? antilope
44%
Barre servant à fermer une porte. - 4 lettres épar
22%
Instrument de musique du Moyen Age considéré comme l'anêtre du violon - 5 lettres finissant par " c " rebec
10%
Aucun quiz correspondant
Distribution des résultats
% des personnes avec chaque résultat
Percentile par nombre de réponses
Votre historique - résultats
Vous n’avez pas pris ce quiz